01225nam a2200241 a 450000100100000000500170001000800410002702000180006804000250008608200150011110000250012624500770015126000630022830000280029150400320031959000260035195201190037795201130049695201190060995201190072895201190084799900170096600004217620201002040003.0131118s2013 dr a 000 m spa d a9789993439653 aDO-SdBNPbspacBNHPU axxxbA325n1 aAlba, Orlando91650210aNombres propios de persona en la República Dominicana /cOrlando Alba. aSanto Domingo :bLibrería La Trinitaria,bBúho,c2013. a184 p. :bil. ;c23 cm. aBibliografía : p. 183-184 aInventariado, 2019/LP 0010718DSaGRbGRcHDd2013-11-18iLF1l0oxxx A325np42176-30r2020-06-25te. 3w2020-06-25yLFDSZNo se presta 0010718PDaPDbPDcHDd2013-11-18iLF1l0oxxx A325np42176-10r2020-06-25w2020-06-25yLFPDZNo se presta 0010718PDaPDbPDcHDd2013-11-18iLF1l0oxxx A325np42176-20r2020-06-25te. 2w2020-06-25yLFPDZNo se presta 0010718DSaPDbPDcHDd2019-04-03iLF1l0oxxx A325np42176-40r2020-06-25te. 4w2020-06-25yLFDSZNo se presta 0010718DSaPDbPDcHDd2019-04-03iLF1l0oxxx A325np42176-50r2020-06-25te. 5w2020-06-25yLFDSZNo se presta c41665d41665